000 00538cam a2200169 4500500
005 20260329004237.0
041 _afre
042 _adc
100 1 0 _aPortevin, Catherine
_eauthor
245 0 0 _aQu’est-ce que la pop’philosophie ?
260 _c2019.
500 _a47
690 _aLaurent de Sutter
690 _aPop philosophie
786 0 _nPhilosophie magazine | 126 | 2 | 2019-02-01 | p. 54-54 | 1951-1787
856 4 1 _uhttps://shs.cairn.info/magazine-philosophie-magazine-2019-2-page-54?lang=fr&redirect-ssocas=7080
999 _c1832083
_d1832083